The american connection (Record no. 34146)

MARC details
000 -LEADER
fixed length control field 00507nam a2200145 a 4500
008 - FIXED-LENGTH DATA ELEMENTS--GENERAL INFORMATION
fixed length control field 120416s0000 ||||||||||||||||| || u
020 ## - INTERNATIONAL STANDARD BOOK NUMBER
International Standard Book Number 1853710563
050 ## - LIBRARY OF CONGRESS CALL NUMBER
Classification number E 183.8.G7 Hol
100 ## - MAIN ENTRY--PERSONAL NAME
Personal name Holland, Jack
245 14 - TITLE STATEMENT
Title The american connection
260 ## - PUBLICATION, DISTRIBUTION, ETC.
Place of publication, distribution, etc. Dublin
Name of publisher, distributor, etc. Poolbeg Press
Date of publication, distribution, etc. 1989
300 ## - PHYSICAL DESCRIPTION
Extent xiv, 272p.
350 ## - PRICE (NR) (BK AM CF MU VM SE) [OBSOLETE]
Price 0.00
995 ## - RECOMMENDATION 995 [LOCAL, UNIMARC FRANCE]
-- 0.00
-- CBU-MAIN LIBRARY (Kitwe)
-- 1
-- 5.95
-- 1
-- AVAILABLE
-- Oct 11, 2006
-- Main Library Open Access Collection
Holdings
Withdrawn status Lost status Source of classification or shelving scheme Damaged status Not for loan Home library Current library Shelving location Date acquired Total Checkouts Full call number Barcode Date last seen Price effective from Koha item type
          CBU-MAIN LIBRARY, KITWE. CBU-MAIN LIBRARY, KITWE.   11/30/2022   E 183.8.G7 Hol 001182 11/30/2022 11/30/2022 MONOGRAPH